[Event "Berlin Eckbauer op 4th"]
[Site "Berlin"]
[Date "2001.10.08"]
[Round "2"]
[White "Neuenbaumer, Jan Holger"]
[Black "Obal, Hartmut"]
[Result "1/2-1/2"]
[WhiteElo "1381"]
[BlackElo "1633"]
[PlyCount "109"]
[EventDate "2001.10.??"]
[EventType "swiss"]
[EventRounds "7"]
[EventCountry "GER"]
[SourceTitle "EXT 2005"]
[Source "ChessBase"]
[SourceDate "2004.11.15"]
[SourceVersion "1"]
[SourceVersionDate "2004.11.15"]
[SourceQuality "1"]

1. e4 c5 2. Nc3 g6 3. b3 Bg7 4. Bb2 e5 5. Nf3 d6 6. Bc4 Nf6 7. Qe2 Nc6 8. h3 Bd7 9. 0-0-0 Qe7 10. Rhe1 0-0-0 11. Qe3 h6 12. Nd5 Nxd5 13. Bxd5 Nb4 14. a3 Nxd5 15. exd5 Kb8 16. Kb1 f5 17. d4 e4 18. Nd2 cxd4 19. Bxd4 Bxd4 20. Qxd4 Rc8 21. f3 Qd8 22. fxe4 Qc7 23. Nc4 b5 24. Nb2 fxe4 25. c4 Ka8 26. Ka2 bxc4 27. Nxc4 Bb5 28. Rxe4 Bxc4 29. Qxc4 Qb6 30. Qe2 Rhf8 31. Rd2 Qg1 32. Qe3 Qc1 33. Rb2 Rf1 34. Qxc1 Rcxc1 35. b4 Rfd1 36. Re6 Rxd5 37. Rxg6 Rdd1 38. Rxh6 Ra1+ 39. Kb3 Rd3+ 40. Kc4 Raxa3 41. Rh7 d5+ 42. Kb5 Rdc3 43. Rd2 Rc8 44. Rxd5 a6+ 45. Kb6 Rb8+ 46. Kc5 Rc3+ 47. Kd4 Rg3 48. Ra5 Rg6 49. g4 Rxb4+ 50. Kc3 Rb8 51. Rah5 Rd6 52. R5h6 Rc8+ 53. Kb2 Rd2+ 54. Ka3 Rd3+ 55. Kb2 1/2-1/2

[Event "Berlin Eckbauer op 4th"]
[Site "Berlin"]
[Date "2001.10.01"]
[Round "1"]
[White "Obal, Hartmut"]
[Black "Schmidt, Peter2222"]
[Result "0-1"]
[WhiteElo "1633"]
[BlackElo "2086"]
[PlyCount "64"]
[EventDate "2001.10.??"]
[EventType "swiss"]
[EventRounds "7"]
[EventCountry "GER"]
[SourceTitle "EXT 2005"]
[Source "ChessBase"]
[SourceDate "2004.11.15"]
[SourceVersion "1"]
[SourceVersionDate "2004.11.15"]
[SourceQuality "1"]

1. Nf3 d6 2. g3 Nf6 3. Bg2 e5 4. d3 Be7 5. 0-0 Nbd7 6. e4 c6 7. c4 Nf8 8. Nc3 Bg4 9. Bg5 h6 10. Bxf6 Bxf6 11. Qb3 Qe7 12. Ne1 g5 13. Nc2 Ng6 14. Ne3 Be6 15. Qa4 Kf8 16. b4 h5 17. b5 Qd7 18. bxc6 bxc6 19. Rab1 Ne7 20. Qa6 h4 21. Rb7 Qc8 22. Rfb1 Kg7 23. Qa3 Bh3 24. Qxd6 Bxg2 25. Kxg2 hxg3 26. fxg3 Qh3+ 27. Kf2 Rad8 28. Qc7 Qxh2+ 29. Ng2 Rxd3 30. Ne2 Qh5 31. Re1 Rf3+ 32. Kg1 Qh1# 0-1